000 00532nam a2200181Ia 4500
003 OSt
005 20201118122904.0
008 190216s9999||||xx |||||||||||||| ||und||
020 _a9788130000145
040 _coclc
082 _a894.8123
_bPIL/A
100 _aPillai, Thakazhi Shivashankara
_9418
245 0 _aAkathalam /
_cThakazhi Shivashankara Pillai
260 _bPoorna Publications,
_c2009.
_aKozhikode:
300 _a144p
650 _aNovel
942 _cBK
_2ddc
_h894.8123
_iPIL/A
_k894.8123
_mPIL/A
999 _c29950
_d29950